00410nam a2200157Ia 4500003000400000008004100004040001600045082001300061100001700074245003900091260005100130300001000181490002400191650001500215650002200230GCL140319s9999 xx 000 0 eng d aGCL / cGCL04a843bD M1 aDEON, MICHEL10aMES ARCHRS DE NOE / cDEON, MICHEL a[S.N] : bEDITIONS DE LA TABLE RONDE ، c1978 a317 P aCOLLECTION FOLIOv004aLITERATURE04aFRENCH LITERATURE